| 000 | 00931nam a22002297a 4500 | ||
|---|---|---|---|
| 999 |
_c11874 _d11874 |
||
| 003 | AR-CdUCM | ||
| 008 | 190405b ||||| |||| 00| 0 esp d | ||
| 040 |
_aMUNICIPALIDAD PROVINCIAL DEL CUSCO _cBIBLIOTECA MUNICIPAL DEL CUSCO |
||
| 082 |
_aES / 287.8 / _bAN619 |
||
| 245 |
_aQuinto Centenario y nueva Evangelización / _cJuan Ansión, |
||
| 260 |
_aLima ; _bCentro de estudios y publicaciones, _c1992. |
||
| 300 |
_a170 páginas ; _c20 cm. |
||
| 500 | _a -- | ||
| 505 | _aHacia el quinto centenario -- 500 años después -- Juan Pablo II y la nueva evangelización -- Desafió al cristianismo en los 500 años de América Latina ... | ||
| 650 |
_aEvangelización (Misionología) _929459 |
||
| 700 |
_aCardenal Juan Landázuri Ricketts _929460 |
||
| 700 |
_aLuis Guillermo Lumbreras _929461 |
||
| 700 |
_aManuel M.Marzal _929462 |
||
| 700 |
_aAntonio Cornejo Polar _929463 |
||
| 942 |
_2ddc _cLIBROS |
||
| 945 |
_aacrt _d2019-04-05 |
||